| 000 | 00635nam a2200217Ia 4500 | ||
|---|---|---|---|
| 003 | GCL | ||
| 008 | 140319s9999 xx 000 0 ara d | ||
| 040 |
_aGCL / _cGCL |
||
| 082 | 0 | 4 |
_a595.7 _bا ح |
| 100 | 1 | _aامز، ا. د. | |
| 245 | 1 | 0 |
_aحياة الحشرات / _cامز، ا. د. |
| 700 | 1 | _aسميرة الزيادى (مترجم) | |
| 700 | 1 | _aمحمود حافظ (مراجع) | |
| 260 |
_a[S.N] : _bدار الفاء العربى |
||
| 300 | _a437 ص | ||
| 490 |
_aالالف كتاب _v0 |
||
| 650 | 0 | 4 | _aالحشرات |
| 650 | 0 | 4 | _aالحشرات الضارة |
| 650 | 0 | 4 | _aعلم الحشرات |
| 942 |
_2ddc _cBK |
||
| 999 |
_c29866 _d29866 |
||